00303pab a2200121 454500008004000000100002100040245004500061260000900106300001200115362001400127650002300141773001700164180718b1983 xxu||||| |||| 00| 0 eng d aChatterjee, Debi aAfrican socialismbNew road to socialism c1983 a598-608 aApr.-June aSocialism - Africa aIDSA Journal